[Event "1st Spring Festival Weekend 2021"]
[Site "Bassano del Grappa"]
[Date "2021.03.13"]
[Round "2.1"]
[White "Rindone, Andrea"]
[Black "Bernadskiy, Vitaliy"]
[Result "0-1"]
[WhiteElo "2114"]
[BlackElo "2599"]
[Annotator "TA"]
[PlyCount "88"]
[EventDate "2021.03.12"]
[EventType "swiss"]
[EventCountry "ITA"]
[SourceTitle "playchess.com"]
[Source "ChessBase"]
[SourceQuality "1"]

{[%evp 15,88,51,53,43,65,54,64,61,72,70,82,70,85,83,80,15,29,13,23,20,66,70,83,79,80,39,20,21,22,-14,0,21,43,0,0,-50,-49,-35,-28,-29,-30,-53,-53,-94,-94,-87,-86,-90,-49,-76,-76,-85,-87,-81,-3,-30,-12,-30,-30,-104,-30,-104,-69,-413,-406,-406,-391,-391,-320,-6295,-6295,-29995,-542,-29996,-29997]} 1. d4 Nf6 2. c4 b6 3. Nf3 Bb7 4. e3 g6 5. Bd3 Bg7 6. O-O O-O 7. Nc3 d6 8. e4 Nbd7 9. Re1 {E91: King's Indian: Classical: 6 Be2, unusual replies including 6...c5 and 6...Bg4.} e5 10. d5 a5 11. a3 {White is slightly better.} Nh5 {[#]} 12. Be3 $146 ({Predecessor:} 12. Rb1 Nc5 13. Bc2 Bc8 14. b4 axb4 15. axb4 Na6 16. Bg5 Qe8 17. Ba4 Bd7 18. Bxd7 Qxd7 {½-½ (48) Stefanova,A (2490)-Saduakassova,D (2474) Khanty-Mansiysk 2018}) 12... Bf6 13. Bf1 Be7 14. b4 Ng7 15. Na4 ({Better is} 15. Bd3 $16) 15... f5 $11 16. Bh6 fxe4 17. Rxe4 c5 18. bxc5 Nxc5 19. Nxc5 bxc5 20. Bd3 Bc8 21. Re3 Rf7 22. Nd2 Nf5 (22... Bh4 $5 {[%cal Rh4f2]} 23. g3 Nf5 $1 24. Bxf5 Bxf5 $11) 23. Bxf5 Bxf5 24. Ne4 (24. g4 $5 {[%cal Rg4f5]} Bd7 25. Rb1 $14) 24... Bh4 25. g3 Bxe4 26. Rxe4 Bg5 $36 {[%mdl 2048] Black fights for an advantage.} 27. Bxg5 Qxg5 28. Rb1 Raf8 29. Rb2 {[#]} Rf3 $1 30. a4 Qf5 31. Ree2 Qg4 {White must now prevent ...Rxf2!} (31... Rc3 {with more complications.} 32. Rec2 Rxc2 33. Rxc2 Rb8 34. Qe2 Rb4) 32. Qc2 $1 {[#]} Ra3 $1 {[%cal Ra3a1] Strongly threatening ...Ra1+.} 33. Ra2 Rxa2 34. Qxa2 $17 {[%mdl 4096] Endgame KQR-KQR} h5 (34... Rb8 $17 {aiming for ...Rb4.} 35. Qc2 Qd4) 35. Qc2 $11 Rb8 36. Re4 Qf5 37. Kg2 (37. h4 $11) 37... Kg7 (37... g5 $17 38. Qe2 Kf8) 38. f3 (38. h4 $11 {remains equal.}) 38... Rb4 39. g4 $2 {[%mdl 8192] This costs White the game.} (39. h4 $15) 39... hxg4 $19 40. fxg4 {[#]} Rb2 $1 {[%mdl 576] Deflection} 41. Qxb2 Qxe4+ {[%mdl 64] Double Attack} 42. Kg3 $2 (42. Kf2 Qf4+ 43. Ke1) 42... Qf4+ 43. Kh3 Qf3+ 44. Kh4 {intending Qb7+.} g5+ {Weighted Error Value: White=0.72/Black=0.12} 0-1

[Event "1st Spring Festival Weekend 2021"]
[Site "Bassano del Grappa"]
[Date "2021.03.13"]
[Round "2.2"]
[White "Plat, Vojtech"]
[Black "Cappelletto, Joshuaede"]
[Result "1-0"]
[WhiteElo "2555"]
[BlackElo "2126"]
[Annotator "TA"]
[PlyCount "71"]
[EventDate "2021.03.12"]
[EventType "swiss"]
[EventCountry "ITA"]
[SourceTitle "playchess.com"]
[Source "ChessBase"]
[SourceQuality "1"]

{[%evp 18,71,8,0,35,43,55,0,15,0,0,0,0,0,0,0,0,0,14,-7,-5,-8,44,38,32,15,161,165,166,158,213,193,197,187,333,119,240,131,188,140,139,139,140,140,140,140,227,230,333,313,322,311,663,659,29979,29979]} 1. d4 Nf6 2. c4 g6 3. g3 Bg7 4. Bg2 d5 5. cxd5 Nxd5 6. e4 Nb6 7. Ne2 c5 8. d5 O-O 9. O-O e6 10. Nec3 exd5 {D72: Fianchetto Grünfeld: 5 cxd5 Nxd5 6 e4 Nb6 (without Nf3).} 11. exd5 Bf5 12. Be3 $5 {[%mdl 4] A promising side line.} Na6 {The position is equal.} 13. Na3 Qd7 14. Re1 Rac8 {[#]} 15. Qb3 $146 ({Predecessor:} 15. Re2 Nb4 16. Rd2 a6 17. Bf3 h5 18. Qb3 Rfe8 19. Bxc5 Rxc5 20. Qxb4 Rxc3 21. bxc3 {½-½ (34) Ruiz Jarabo Pelayo,F (2245)-Norchenko,K (2343) ICCF email 2013}) 15... Nb4 16. Bxc5 {[%mdl 64] Remove Defender} Rxc5 17. Qxb4 Rfc8 {[%cal Rg7c3]} 18. Nab5 a5 {[%cal Ra5b4]} 19. Qb3 {Threatens to win with Na7.} Rc4 ({Better is} 19... a4 $11 20. Qb4 a3 21. Nxa3 Bxc3 22. bxc3 Nxd5) 20. Na7 $14 Rb4 21. Nxc8 Qxc8 (21... Rxb3 $11 22. Ne7+ {[%mdl 64] Zwischenzug} Kf8 23. axb3 {[%mdl 64] Discovered Attack} Bc2) 22. Qd1 $1 $18 Rxb2 23. Ne4 h6 (23... a4 $16 24. Rc1 Qd8) 24. Rc1 Qd8 25. Nc5 Nc8 (25... Nd7 $142) 26. Re2 $2 (26. g4 $1 $18 {[%cal Rg4f5] and the rest is easy.} Qh4 27. Nd3 {[%mdl 64] Overworked Piece} (27. Qf3 Qxg4 28. Re8+ Kh7 $16) 27... Bxd3 28. Rxc8+ Kh7 29. Qf3) 26... Rb4 {[#]} (26... Nd6 $16 {was called for.}) 27. a3 (27. d6 $1 $18 {[%cal Rd6d7]} Qxd6 28. Nxb7 Qxd1+ 29. Rxd1) 27... Rb5 (27... Rb2 $16 {keeps fighting.} 28. Ne4 h5) 28. Qa4 Nd6 29. Ne4 {Strongly threatening Nxd6.} Bxe4 30. Bxe4 Qb6 31. Kg2 Kh7 {[#]} (31... h5 $16 {might work better.} 32. Bf3 Bf6) 32. h4 $1 {[%cal Rh4h5] h5 is the strong threat.} Rb2 (32... Kg8 $142 33. Bf3 Bf8) 33. Rcc2 Rxc2 34. Qxc2 ({Don't play} 34. Bxc2 $6 Qc5 $18) 34... h5 $2 {[#]} (34... Kh8 35. a4 Bf8) 35. Bxg6+ $1 {[%mdl 576] Deflection} fxg6 (35... Kg8 36. Bxh5) 36. Re6 {Weighted Error Value: White=0.20/Black=0.73} 1-0

[Event "1st Spring Festival Weekend 2021"]
[Site "Bassano del Grappa"]
[Date "2021.03.13"]
[Round "2.3"]
[White "Bordignon, Angelo"]
[Black "Checa, Nicolas"]
[Result "0-1"]
[WhiteElo "2061"]
[BlackElo "2546"]
[Annotator "TA"]
[PlyCount "88"]
[EventDate "2021.03.12"]
[EventType "swiss"]
[EventCountry "ITA"]
[SourceTitle "playchess.com"]
[Source "ChessBase"]
[SourceQuality "1"]

{[%evp 10,88,27,19,39,41,51,56,85,83,102,60,115,36,65,-44,-48,-73,-64,-79,0,0,0,0,0,-25,-30,-30,-26,-26,-26,-25,91,87,83,85,100,82,84,97,73,-36,-6,-91,-81,-103,-103,-108,-112,-114,-107,-128,-119,-156,-147,-146,-141,-166,-166,-222,-147,-196,-189,-238,-215,-198,-151,-293,-291,-318,-318,-325,-318,-318,-318,-944,-325,-318,-310,-310,-295]} 1. d4 d5 2. c4 c6 3. Nc3 Nf6 4. cxd5 cxd5 5. Bf4 Qb6 6. e3 Qxb2 {D10: Slav Defence: 3 cxd5 (without early Nf3) and 3 Nc3.} 7. Bb5+ $1 Nc6 8. Nge2 {[%mdl 1024] White has compensation.} e6 {White is slightly better.} 9. O-O Qa3 10. Rb1 {[#]} Nh5 $146 (10... Qa5 $14) ({Predecessor:} 10... Qa5 11. Ba4 {½-½ (11) Spacek,P (2371)-Talla,V (2437) Czech Republic 2016}) 11. Bc7 ({Better is} 11. Be5 $16) 11... Qe7 $1 $14 {[%cal Re7c7]} 12. Ba5 (12. Be5 $14) 12... Bd7 $15 13. Bxc6 Bxc6 14. e4 {[#] Black must now prevent exd5.} Nf6 ({Don't play} 14... dxe4 $6 15. d5 $16) (14... Qd7 $1 $17 15. exd5 exd5) 15. exd5 $11 Nxd5 16. Nxd5 Bxd5 17. Nc3 {[#]} (17. Nf4 $5 {[%cal Rf4d5]} Qg5 18. Nxd5 Qxd5 {[%mdl 64] Double Attack} 19. Qa4+ Qc6 20. Qxc6+ bxc6 21. Rfc1 $11) 17... Bxg2 {[%mdl 64] Decoy} 18. Kxg2 {aiming for Qa4+.} Qg5+ {[%mdl 64] Double Attack} 19. Kh1 Qxa5 20. Rxb7 {Hoping for Nb5.} Bb4 {[#]} (20... Ba3 $11 {remains equal.}) 21. Rb5 $1 $16 {[%cal Rb5a5]} Qa6 22. Rxb4 {Threatens to win with d5.} Qc6+ {[%mdl 64] Double Attack} 23. Kg1 {And now Qb3 would win.} Qxc3 24. Qa4+ Kf8 25. Rc4 ({White should try} 25. Rfb1 $16) 25... Qf3 26. Qb4+ (26. d5 $11 {keeps the balance.} exd5 27. Rf4) 26... Kg8 $17 {White is on the road to losing.} 27. Rfc1 {White threatens Rc8+ and mate.} h5 {...Rh6 is the strong threat.} 28. Qb1 {Threatening mate with Rc8+.} g6 29. R1c3 Qd5 30. Qc1 Kg7 31. Rc7 Qxd4 32. R3c4 Qe5 33. Rf4 Rhf8 34. Rc5 (34. Rf3 $142) 34... Qd6 35. Qc3+ Kg8 36. Rd4 Qe7 37. Rc7 Qf6 38. Qd2 (38. Rdd7 $17 {was necessary.} Qxc3 39. Rxc3) 38... Rad8 $19 39. Rcd7 Rxd7 40. Rxd7 a6 41. Rd6 Rb8 42. Qd4 $2 (42. Rd4) 42... Qxd4 $2 (42... Qg5+ 43. Kf1 Rb1+ 44. Ke2 e5 45. Rd8+ Kg7) 43. Rxd4 Rb5 44. Kg2 Kg7 {Weighted Error Value: White=0.36/Black=0.30} 0-1

[Event "1st Spring Festival Weekend 2021"]
[Site "Bassano del Grappa"]
[Date "2021.03.13"]
[Round "2.4"]
[White "Niemann, Hans Moke"]
[Black "Cacinschi, Alexandru"]
[Result "1-0"]
[WhiteElo "2526"]
[BlackElo "2097"]
[Annotator "TA"]
[PlyCount "91"]
[EventDate "2021.03.12"]
[EventType "swiss"]
[EventCountry "ITA"]
[SourceTitle "playchess.com"]
[Source "ChessBase"]
[SourceQuality "1"]

{[%evp 9,91,-22,0,-17,-11,-25,-20,-17,-15,-18,-17,-42,-20,-19,69,65,68,69,65,67,114,106,107,102,219,97,285,129,126,91,102,43,39,37,62,62,50,41,55,52,110,80,98,95,95,61,68,63,103,92,76,87,97,87,89,71,107,71,78,64,142,133,125,126,131,65,308,311,313,318,486,462,392,260,226,252,372,383,1235,965,1239,1223,1826,1574]} 1. e4 e6 2. d3 d5 3. Nd2 Nf6 4. Ngf3 Be7 5. g3 b6 6. e5 {C00: French: Unusual White 2nd moves.} Nfd7 7. Bg2 Bb7 8. O-O {The position is equal.} O-O 9. Re1 c5 10. Nf1 {[%cal Bd2f1,Bf1h2,Bh2g4][%mdl 32]} Re8 11. h4 f6 (11... b5 $11) 12. exf6 $14 Bxf6 13. N1h2 Nc6 14. Ng4 {[#]} Nf8 $146 ({Predecessor:} 14... e5 15. c4 e4 16. dxe4 dxe4 17. Ng5 Bd4 18. Bxe4 Nf6 19. Nxf6+ gxf6 20. Bd5+ {1-0 (20) Turov,M (2602)-Dudek,R (2231) Ditzingen 2018}) 15. c3 Be7 16. d4 Bd6 (16... cxd4 $16 17. cxd4 (17. Nxd4 Nxd4 18. cxd4 Rc8 $16) 17... Rc8) 17. a3 (17. h5 $18 {has better winning chances.}) 17... b5 $2 (17... Qc7 $16) 18. Bf1 (18. h5 $18 {and White stays clearly on top.}) 18... c4 $16 19. Bg5 Qc7 20. Qd2 (20. Bg2 $16) 20... Qf7 $14 21. Re3 a5 22. Rae1 b4 23. a4 Rab8 24. Be2 Bc8 ({Black should play} 24... Nd7 $14) 25. Bd1 bxc3 26. bxc3 Rb1 27. Bc2 Rxe1+ 28. Qxe1 Qh5 29. Nge5 Nxe5 30. Nxe5 ({Much worse is} 30. dxe5 Bc5 $11) 30... Bxe5 31. Rxe5 Qf7 32. Bc1 Bd7 33. h5 Bc6 34. h6 g6 (34... Ng6 $14) 35. Bf4 $16 Nd7 36. Rg5 Nf6 37. f3 (37. Qb1 $16 {[%cal Rc2g6] aiming for Bxg6!} Nd7 38. Bd6) 37... Nh5 $2 {[#]} (37... Nd7 $14) 38. Rxh5 $1 $18 {[%mdl 512]} gxh5 39. Qe5 Qe7 (39... Ra8 $142 40. Bc1 Bd7) 40. Qxh5 e5 41. Qg4+ Kf8 42. Bg5 ({Don't do} 42. dxe5 $6 Bd7) 42... Qf7 (42... Qe6 {might work better.}) 43. Bc1 Re6 $2 {[#]} (43... Ke7 44. dxe5 Kd8) 44. Bxh7 $1 {[%mdl 512] White is clearly winning.} exd4 (44... Rd6 45. Bc2) 45. Ba3+ Ke8 46. Bg8 {[%mdl 64] Skewer.  Weighted Error Value: White=0.20/Black=0.41} 1-0

[Event "1st Spring Festival Weekend 2021"]
[Site "Bassano del Grappa"]
[Date "2021.03.13"]
[Round "2.5"]
[White "Bordin, Silvia"]
[Black "Basso, Pier Luigi"]
[Result "0-1"]
[WhiteElo "2040"]
[BlackElo "2521"]
[Annotator "TA"]
[PlyCount "104"]
[EventDate "2021.03.12"]
[EventType "swiss"]
[EventCountry "ITA"]
[SourceTitle "playchess.com"]
[Source "ChessBase"]
[SourceQuality "1"]

{[%evp 10,104,31,27,34,44,38,20,39,0,-2,-22,-25,-108,-105,-117,-110,-102,-100,-98,-98,-114,-112,-126,-100,-119,-83,-91,-42,-69,0,0,0,0,0,0,0,0,0,0,0,-75,-75,-74,-74,-109,-98,-121,-106,-115,-124,-127,-85,-69,-82,-95,-104,-100,-94,-57,-56,-56,-55,-48,-51,-68,-17,-17,-17,-20,-18,-177,-179,-209,-204,-241,-248,-302,-284,-302,-300,-289,-275,-370,-356,-399,-402,-725,-705,-29966,-29969,-29969,-29970,-29969,-29970,-29970,-29970]} 1. e4 g6 2. d4 Bg7 3. Nc3 c6 4. Be3 d5 5. Qd2 dxe4 6. Nxe4 Nf6 $1 {[%mdl 4] is now more promising than 6...Nd7. B15: Caro-Kann: 3 Nc3: 3...g6 and 3...dxe4 4 Nxe4 Nf6 5 Nxf6+ exf6.} 7. Nxf6+ exf6 8. Ne2 O-O {[#] The position is equal.} 9. Nf4 $146 ({Predecessor:} 9. Bh6 Re8 10. O-O-O Be6 11. Bxg7 Kxg7 12. Nf4 Nd7 13. h4 Nb6 14. Nxe6+ Rxe6 15. h5 {0-1 (39) Sahm,P (2079)-Muranyi,K (2328) Germany 2017}) 9... Nd7 {[%cal Bb8d7,Bd7f6,Bf6g8][%mdl 32]} 10. Be2 f5 11. O-O-O {[%cal Ba1d1,Bd1d3,Bd3g3][%mdl 32] [#]} (11. g3 $11) 11... g5 $1 $17 12. Nh5 f4 13. Bxf4 gxf4 14. Qxf4 Nf6 {Threatens to win with ...Nxh5.} 15. Nxg7 Kxg7 16. Rd3 Kh8 17. Rg3 Ng8 18. Bc4 Qe7 19. Kd1 Re8 (19... f6 $15) 20. Bxf7 $11 Rf8 21. Rxg8+ Rxg8 22. Bxg8 Kxg8 23. Re1 Be6 $1 24. Re3 Rf8 25. Rg3+ (25. Qg3+ $11 Kh8 26. Qe5+ {[%mdl 64] Double Attack} Rf6 27. Rf3) 25... Kh8 $17 26. Qe5+ Qf6 {White must now prevent ...Qxe5.} 27. Ke2 Bc4+ 28. Ke3 Qxe5+ 29. dxe5 Bxa2 {[%mdl 4096] Endgame KRB-KR} 30. f4 Bd5 31. Rg5 h6 32. Rg6 Kh7 33. Rd6 Bxg2 34. Rd7+ {[%mdl 64] Double Attack} Kg6 35. Rxb7 Rf7 36. Rb8 Bd5 37. b3 Kg7 (37... c5 $15) 38. Rd8 $11 h5 39. Rd6 h4 40. e6 $2 {[#] Loses the game.} (40. b4 $11 {and White stays safe.}) 40... Rf6 $1 $19 {[%cal Rf6e6]} 41. e7 Bf7 42. Rd7 Re6+ 43. Kf2 a5 44. Ra7 Kf6 45. Rxa5 Rxe7 46. Ra6 Be8 47. Ra5 h3 48. Rc5 (48. Rg5 $142) 48... Rg7 49. Rg5 Rxg5 {Black mates.} 50. fxg5+ Kxg5 51. Kg3 Bd7 52. b4 Be6 {Weighted Error Value: White=0.45/Black=0.09} 0-1

[Event "1st Spring Festival Weekend 2021"]
[Site "Bassano del Grappa"]
[Date "2021.03.13"]
[Round "2.6"]
[White "Sonis, Francesco"]
[Black "Frick, Christoph"]
[Result "1-0"]
[WhiteElo "2477"]
[BlackElo "2051"]
[Annotator "TA"]
[PlyCount "47"]
[EventDate "2021.03.12"]
[EventType "swiss"]
[EventCountry "ITA"]
[SourceTitle "playchess.com"]
[Source "ChessBase"]
[SourceQuality "1"]

{[%evp 11,47,3,7,0,31,24,23,17,18,38,39,35,35,26,39,63,54,42,207,61,156,137,134,126,193,71,419,364,431,414,428,421,622,639,634,610,630,614]} 1. d4 d5 2. c4 c6 3. Nf3 Nf6 4. e3 Bg4 5. Nc3 e6 6. Qb3 Qb6 7. Nh4 {D11: Slav Defence: 3 Nf3 sidelines and 3...Nf6 4 e3 Bg4.} g5 {[#]} 8. h3 $1 Bh5 9. Nf3 {White has an edge.} Qxb3 10. axb3 {[#]} Na6 $146 ({Predecessor:} 10... h6 11. Ne5 Nfd7 12. Nd3 Na6 13. h4 gxh4 14. Rxh4 Bg6 15. Bd2 Nb4 16. Nxb4 Bxb4 {½-½ (31) Jean,P (2310)-Hassim,U (2322) ICCF email 2018}) 11. c5 Nb4 {[%cal Rb4c2] aiming for ...Nc2+.} 12. Ra4 a5 13. Bd2 Bg6 14. Ne5 Bc2 $2 {[#]} ({Black should try} 14... Bg7 $14) 15. Ra3 (15. Nb5 $1 $18 {[%cal Rb5c7][%mdl 512] Threatens to win with Nc7+.} Bxc5 16. Nc7+ {[%mdl 64] Double Attack} (16. dxc5 cxb5 17. Bxb5+ Ke7 $16) 16... Ke7 17. Nxa8 (17. dxc5 Bxb3 18. Nxa8 Rxa8 $18) 17... Rxa8 18. dxc5 Bxb3 19. Bxb4 Bxa4 20. Bd2) 15... Nd7 (15... Bf5 $14) 16. Nxd7 $16 Kxd7 {[#]} 17. Na4 $1 {[%cal Ra4b6]} Re8 (17... Rb8 $16 {is a better defense.}) 18. Bc3 (18. Nb6+ $18 {is more deadly.} Kc7 19. Bc3 (19. Rxa5 Nd3+ 20. Bxd3 Bxd3 $16)) 18... Bg7 $2 {[%mdl 8192]} (18... Nd3+ $16 19. Bxd3 Bxd3) 19. Nb6+ {[%mdl 64] Discovered Attack} Kc7 20. Kd2 e5 21. Rxa5 {White is clearly winning.} Bxb3 (21... exd4 $142 22. Bxb4 Bg6) 22. Bxb4 $18 exd4 {Now ...Re4 and Black clings on.} 23. Ra3 dxe3+ 24. fxe3 {Weighted Error Value: White=0.27/Black=0.66} 1-0

[Event "1st Spring Festival Weekend 2021"]
[Site "Bassano del Grappa"]
[Date "2021.03.13"]
[Round "2.8"]
[White "Pigato, Alex"]
[Black "Solomon, Kenny"]
[Result "0-1"]
[WhiteElo "1721"]
[BlackElo "2357"]
[Annotator "TA"]
[PlyCount "78"]
[EventDate "2021.03.12"]
[EventType "swiss"]
[EventCountry "ITA"]
[SourceTitle "playchess.com"]
[Source "ChessBase"]
[SourceQuality "1"]

{[%evp 19,78,-6,-4,-59,-45,-35,-9,-9,-9,-17,34,22,41,0,0,-7,0,0,3,-29,-12,-56,-62,-62,-56,-91,-97,-105,-108,-132,-121,-129,-129,-193,-154,-193,-199,-343,-335,-335,-284,-557,-325,-324,-273,-828,-780,-939,-914,-1337,-1137,-1137,-1094,-29992,-29993,-29993,-29994,-29994,-29995,-29996,-29997]} 1. d4 Nf6 2. Nf3 e6 3. c4 b6 4. Nc3 Bb4 5. Bg5 Bb7 6. e3 h6 7. Bh4 g5 8. Bg3 Ne4 9. Qc2 Bxc3+ 10. bxc3 d6 11. Rd1 {E13: Queen's Indian/Nimzo-Indian hybrid: 4 Nc3 Bb7 5 Bg5 h6 6 Bh4 Bb4.} (11. Bd3 $11 Nxg3 12. fxg3) 11... Nd7 {[#]} 12. Bd3 $146 ({Predecessor:} 12. d5 Ndc5 13. Bd3 f5 14. Nd4 O-O 15. dxe6 f4 16. f3 fxg3 17. fxe4 Qf6 18. hxg3 Nxd3+ 19. Rxd3 Bxe4 {0-1 (36) Jelsen,Y (2007)-Pratyusha,B (2123) Ho Chi Minh City 2012}) 12... Nxg3 13. hxg3 {The position is equal.} Qe7 14. Be4 c6 (14... O-O-O $11) 15. Qa4 $14 b5 16. cxb5 cxb5 17. Qc2 Bxe4 18. Qxe4 Rb8 {[%cal Ba8b8,Bb8c8,Bc8c6][%mdl 32]} 19. Ke2 Kf8 20. Rb1 (20. d5 {with more complications.} Nf6 21. Qd3 Nxd5 22. e4 Nf6 23. Nxg5 d5 24. exd5 Nxd5 25. Ne4) 20... Kg7 21. Rb3 Nb6 {[%cal Bd7b6,Bb6a4,Ba4c3][%mdl 32]} 22. Rhb1 {Black continues to play with concentration.} ({Avoid the trap} 22. Rxb5 $2 Na4 $19) 22... a6 23. Nd2 Rbc8 24. Qc2 d5 25. e4 Na4 26. e5 (26. Qd3 $17) 26... Rc6 27. Rc1 b4 28. Qd3 (28. c4 $142 dxc4 29. Rf3) 28... Nxc3+ $19 29. Kf1 Rhc8 30. a3 $2 {[#]} (30. Rb2 {was the only defense.}) 30... a5 31. axb4 {[%cal Rb3c3]} axb4 32. Nb1 $2 (32. Rb2) 32... Ne4 33. Rxc6 Rxc6 34. Nd2 Rc1+ 35. Ke2 Nc3+ 36. Kf3 g4+ {[%mdl 64] [#] Decoy. Black mates.} 37. Kxg4 Qg5+ 38. Kf3 h5 39. Nf1 Qg4+ {Weighted Error Value: White=0.80/Black=0.24} 0-1

[Event "1st Spring Festival Weekend 2021"]
[Site "Bassano del Grappa"]
[Date "2021.03.13"]
[Round "2.9"]
[White "Lumachi, Gabriele"]
[Black "Lamartina, Davide Mariano"]
[Result "1-0"]
[WhiteElo "2316"]
[BlackElo "1911"]
[Annotator "TA"]
[PlyCount "35"]
[EventDate "2021.03.12"]
[EventType "swiss"]
[EventCountry "ITA"]
[SourceTitle "playchess.com"]
[Source "ChessBase"]
[SourceQuality "1"]

{[%evp 9,35,15,62,51,77,69,85,75,107,86,89,99,398,402,410,404,407,402,411,407,541,556,731,704,1043,1045,29995,29991]} 1. d4 Nf6 2. Nf3 g6 3. Nbd2 d5 4. e3 c5 5. dxc5 Qa5 6. a3 {D02: 1 d4 d5 2 Nf3 sidelines, including 2...Nf6 3 g3 and 2...Nf6 3 Bf4.} Qxc5 7. b4 Qc7 8. Bb2 {[#] White is better.} Nbd7 $146 ({Predecessor:} 8... Bg7 9. Be2 O-O 10. O-O Rd8 11. c4 dxc4 12. Bxc4 Bg4 13. Qb3 e6 14. Rac1 Bxf3 15. Nxf3 {1-0 (44) Sandipan,C (2594)-Al Sayed,M (2505) Dubai 2014}) 9. c4 dxc4 10. Bxc4 {Rc1 is the strong threat.} Bg7 $2 {[%mdl 8192] [#]} (10... Nb6 $16) 11. Bxf7+ $1 $18 {[%mdl 512]} Kxf7 12. Ng5+ Ke8 13. Qb3 {Threatening mate with Qf7+.} ({Worse is} 13. Ne6 Qd6 $17) 13... Ne5 14. Rc1 Qd6 {White must now prevent ...Nd3+.} 15. Bxe5 Qxe5 16. Qf7+ {[%mdl 64] Double Attack} Kd7 17. Ndf3 ({Not} 17. Qxg7 Ng4 $18) 17... Qb2 18. O-O {Black did not feel at home in the position after the opening.  Weighted Error Value: White=0.01/Black=1.32} 1-0

[Event "1st Spring Festival Weekend 2021"]
[Site "Bassano del Grappa"]
[Date "2021.03.13"]
[Round "2.10"]
[White "Yu, Jennifer"]
[Black "Gruden, Matej"]
[Result "1-0"]
[WhiteElo "2275"]
[BlackElo "1802"]
[Annotator "TA"]
[PlyCount "61"]
[EventDate "2021.03.12"]
[EventType "swiss"]
[EventCountry "ITA"]
[SourceTitle "playchess.com"]
[Source "ChessBase"]
[SourceQuality "1"]

{[%evp 9,61,28,60,46,51,53,62,35,79,42,28,16,13,26,44,6,14,19,11,20,17,0,5,12,32,25,94,86,187,181,193,122,137,137,145,132,170,168,339,337,274,218,599,611,856,852,877,870,817,614,2014,1764,29989,11556]} 1. d4 Nf6 2. c4 c5 3. d5 b5 4. cxb5 a6 5. bxa6 g6 6. Nc3 {A58: Benko/Volga Gambit: Lines with 5 bxa6.} Bg7 7. e4 {a7 is the strong threat.} O-O 8. Be2 {White is slightly better.} Bxa6 9. e5 Ne8 10. Nf3 d6 11. Bf4 {[#]} Qb6 $146 ({Predecessor:} 11... Nd7 12. exd6 Nxd6 13. O-O Qb6 14. Rb1 Rfb8 15. Nd2 Ne5 16. Nb3 Bc4 17. Re1 Bxb3 18. axb3 {1-0 (40) Goryachkina,A (2496)-Novikov,K (2255) Sochi 2018}) 12. Rb1 Nd7 {[%cal Rd6e5]} 13. Bg5 f6 14. exf6 exf6 15. Bd2 Nc7 16. O-O Rfe8 17. Bxa6 Rxa6 (17... Qxa6 $11 {keeps the balance.} 18. Re1 f5) 18. Re1 $16 Ne5 (18... Qb8 $16) 19. Nxe5 $18 fxe5 20. Re4 ({White should try} 20. b4 $1 $18) 20... Nb5 21. a4 {[%cal Ba2a4,Ba4b5,Bb5b6][%mdl 32]} Nd4 22. b4 $1 cxb4 {[#]} 23. Nb5 $1 {[%cal Rb5d4] Black must now prevent Nxd4.} Nxb5 (23... Raa8 {might work better.} 24. Rxb4 (24. Bxb4 Nxb5 25. Be1 Nc3 $16) 24... Qc5) 24. Rexb4 {[%mdl 64] Pin} Rf8 25. Be3 Qc7 (25... Nc3 {is tougher.} 26. Rxb6 Rxb6 27. Bxb6 Nxd1) 26. axb5 ({Less strong is} 26. Rxb5 Kh8 $18) 26... Ra5 27. b6 Qb7 28. Rc4 Rf7 29. h3 Rxd5 30. Qb3 Bh6 31. Rc7 {Weighted Error Value: White=0.16/Black=0.81} (31. Bxh6 $142 Rd3 32. Qxd3 Re7 33. Rc7 Kf7 34. Rxb7 Ke6 {[#]} 35. Rd1 $1 {[%mdl 512]} Rd7 36. Qd5+ Ke7 37. Qxd6+ {[%mdl 64] Double Attack} Kf7 38. Rxd7+ Kg8 39. Qf8#) 1-0